<?xml version="1.0" encoding="UTF-8"?><?xml-stylesheet type="text/xsl" href="static/style.xsl"?><OAI-PMH xmlns="http://www.openarchives.org/OAI/2.0/" xmlns:xsi="http://www.w3.org/2001/XMLSchema-instance" xsi:schemaLocation="http://www.openarchives.org/OAI/2.0/ http://www.openarchives.org/OAI/2.0/OAI-PMH.xsd"><responseDate>2026-04-13T06:53:33Z</responseDate><request verb="GetRecord" identifier="oai:www.recercat.cat:2117/362625" metadataPrefix="marc">https://recercat.cat/oai/request</request><GetRecord><record><header><identifier>oai:recercat.cat:2117/362625</identifier><datestamp>2025-07-23T03:48:21Z</datestamp><setSpec>com_2072_1033</setSpec><setSpec>col_2072_452951</setSpec></header><metadata><record xmlns="http://www.loc.gov/MARC21/slim" xmlns:dcterms="http://purl.org/dc/terms/" xmlns:xsi="http://www.w3.org/2001/XMLSchema-instance" xmlns:doc="http://www.lyncode.com/xoai" xsi:schemaLocation="http://www.loc.gov/MARC21/slim http://www.loc.gov/standards/marcxml/schema/MARC21slim.xsd">
   <leader>00925njm 22002777a 4500</leader>
   <datafield ind2=" " ind1=" " tag="042">
      <subfield code="a">dc</subfield>
   </datafield>
   <datafield ind2=" " ind1=" " tag="720">
      <subfield code="a">Batlle Ginesta, Laia</subfield>
      <subfield code="e">author</subfield>
   </datafield>
   <datafield ind2=" " ind1=" " tag="260">
      <subfield code="c">2022-01-26</subfield>
   </datafield>
   <datafield ind2=" " ind1=" " tag="520">
      <subfield code="a">Este proyecto consiste en el desarrollo de dos sistemas de software para la empresa de iluminación Vibia. Primero, un gestor de incidencias que servirá para que sus clientes puedan encontrar soluciones a sus problemas sin la necesidad de contactar con un agente, agilizando así el proceso. Segundo, un gestor de contenidos donde se almacenarán todos los archivos y recursos usados por la empresa en todas sus páginas webs, incluida la desarrolla en este proyecto, clasificados y organizados por etiquetas. Esta memoria incluye todos los pasos a seguir, desde la planificación y la gestión hasta la implementación y la validación, necesarios para desarrollar estos dos sistemas.</subfield>
   </datafield>
   <datafield ind2=" " ind1=" " tag="520">
      <subfield code="a">This project consists of the development of two software systems for the lighting company Vibia. First, an incident manager that will help their clients find solutions to their problems without the need to contact an agent, thus speeding up the process. Second, a content manager where all the files and resources used by the company on all its web pages will be stored, including the one developed in this project, classified and organized by tags. This report includes all the steps to follow, from planning and management to implementation and validation, necessary to develop these two systems.</subfield>
   </datafield>
   <datafield tag="653" ind2=" " ind1=" ">
      <subfield code="a">Àrees temàtiques de la UPC::Informàtica::Enginyeria del software</subfield>
   </datafield>
   <datafield tag="653" ind2=" " ind1=" ">
      <subfield code="a">Application software -- Development</subfield>
   </datafield>
   <datafield tag="653" ind2=" " ind1=" ">
      <subfield code="a">Software engineering</subfield>
   </datafield>
   <datafield tag="653" ind2=" " ind1=" ">
      <subfield code="a">Programari d'aplicació -- Desenvolupament</subfield>
   </datafield>
   <datafield tag="653" ind2=" " ind1=" ">
      <subfield code="a">Enginyeria de programari</subfield>
   </datafield>
   <datafield ind2="0" ind1="0" tag="245">
      <subfield code="a">Desarrollo de un gestor de incidencias y de un gestor de contenidos</subfield>
   </datafield>
</record></metadata></record></GetRecord></OAI-PMH>